Das grossdeutsche Reich, (Record no. 4245)
[ view plain ]
| 000 -LEADER | |
|---|---|
| fixed length control field | 00716cam a22002291 4500 |
| 001 - CONTROL NUMBER | |
| control field | af 48000862 |
| 003 - CONTROL NUMBER IDENTIFIER | |
| control field | DLC |
| 005 - DATE AND TIME OF LATEST TRANSACTION | |
| control field | 20260227110845.0 |
| 008 - FIXED-LENGTH DATA ELEMENTS--GENERAL INFORMATION | |
| fixed length control field | 890320s1938 gw g 000 0 ger c |
| 010 ## - LIBRARY OF CONGRESS CONTROL NUMBER | |
| LC control number | af 48000862 |
| 035 ## - SYSTEM CONTROL NUMBER | |
| System control number | (OCoLC)19404630 |
| 040 ## - CATALOGING SOURCE | |
| Original cataloging agency | Yale Univ. Library |
| Transcribing agency | CU |
| Modifying agency | CU |
| -- | DLC |
| 042 ## - AUTHENTICATION CODE | |
| Authentication code | premarc |
| 050 00 - LIBRARY OF CONGRESS CALL NUMBER | |
| Classification number | PT2603.O35 |
| Item number | G7 |
| 100 1# - MAIN ENTRY--PERSONAL NAME | |
| Personal name | Böhme, Herbert, |
| Dates associated with a name | 1907-1971. |
| 245 14 - TITLE STATEMENT | |
| Title | Das grossdeutsche Reich, |
| Remainder of title | ein Appell auf die Befrieung Österreichs. |
| Statement of responsibility, etc. | Mit Liedern. |
| 260 ## - PUBLICATION, DISTRIBUTION, ETC. | |
| Place of publication, distribution, etc. | München, |
| Name of publisher, distributor, etc. | F. Eher Nachf. |
| Date of publication, distribution, etc. | [1938] |
| 300 ## - PHYSICAL DESCRIPTION | |
| Extent | 45 p. |
| Other physical details | music. |
| Dimensions | 19 cm. |
| 490 1# - SERIES STATEMENT | |
| Series statement | Junges Volk. Reihe; Kameraden, |
| Volume/sequential designation | Bd. 20 |
| 500 ## - GENERAL NOTE | |
| General note | With unacc. melodies by the author. |
| 830 #0 - SERIES ADDED ENTRY--UNIFORM TITLE | |
| Uniform title | Kameraden ; |
| Volume/sequential designation | Bd. 20. |
No items available.